00537cam a22002171 4500001001300000003000400013005001700017008004100034010001700075035002000092040001800112042001200130050001600142100003300158245004100191260001100232300001900243500001400262650002600276999001700302sa 68003905 DLC20260227112457.0890815s1967 ii 000 1 orio  asa 68003905  a(OCoLC)20181321 aDLCcWaUdDLC apremarc00aPK2578b.M51 aMisra, Gopal Chandra,d1925-10aKetoṭi ādhunika kshudra gaḷpa. c[1967] a128 p.c18 cm. aIn Oriya. 0aShort stories, Oriya. c79833d79833